| 000 | 00370nam a22001457a 4500 | ||
|---|---|---|---|
| 020 | _qPB. | ||
| 040 | _cFIZZA ISHAQ | ||
| 082 |
_a550 _bDAV |
||
| 100 |
_aSTEER, DAVID CONNEL MC. DAVID. _989386 |
||
| 245 |
_aTHE GOOD EARTH / _cDAVID MC. CONNEL DAVID STEER. |
||
| 250 | _a4th ED. | ||
| 260 |
_aNEW YORK ; _bMC GRAW HILL, _c2018. |
||
| 300 | _a535 P. ; | ||
| 942 |
_2ddc _cBK |
||
| 999 |
_c588145 _d588145 |
||